LEADER 01439nam2-2200385---450- 001 990003516850203316 005 20110328132439.0 010 $a978-88-348-1445-1 035 $a000351685 035 $aUSA01000351685 035 $a(ALEPH)000351685USA01 035 $a000351685 100 $a20110328d2010----km-y0itay50------ba 101 $aita 102 $aIT 105 $a||||||||001yy 200 1 $a<> iscrizione nel bilancio di esercizio delle società quotate delle operazioni di copertura del rischio finanziario$fSabrina Pucci 205 $a2. ed. riv. e ampl. 210 $aTorino$cG. Giappichelli$d2010 215 $a137 p.$d24 cm 225 2 $aStudi di ragioneria e di economia aziendale$v50 410 0$1001000316659$aStudi di ragioneria e di economia aziendale$v, 50$12001 606 0 $aSocietà quotate in borsa$xOperazioni finanziarie$xIscrizione [nei] bilanci$2BNCF 676 $a657.48 700 1$aPUCCI,$bSabrina$0116278 801 0$aIT$bsalbc$gISBD 912 $a990003516850203316 951 $aXXX.B. Coll. 112/ 40a$b19322 EC.$cXXX.B. Coll. 112/$d00295628 959 $aBK 969 $aECO 979 $aFIORELLA$b90$c20110328$lUSA01$h1321 979 $aFIORELLA$b90$c20110328$lUSA01$h1324 979 $aFIORELLA$b90$c20110328$lUSA01$h1324 996 $aIscrizione nel bilancio di esercizio delle società quotate delle operazioni di copertura del rischio finanziario$91014368 997 $aUNISA